Postup na vyplnenie daňového priznania typu A za rok 2014 ako aj vzor vyplneného daňového priznania k dispozícii

Gespeichert in:
Bibliographische Detailangaben
1. Verfasser: Kušnírová, Jana, 1977-
Format: Buchkapitel
Sprache:Slowakisch
Schlagworte:
Tags: Tag hinzufügen
Keine Tags, Fügen Sie das erste Tag hinzu!

MARC

LEADER 00000nla a2200000 4500
001 0198569
005 20240502073345.0
041 0 |a slo 
044 |a SK 
245 1 0 |a Postup na vyplnenie daňového priznania typu A za rok 2014 ako aj vzor vyplneného daňového priznania k dispozícii  |c Jana Kušnírová 
610 2 0 |a priznania daňové 
610 2 0 |a dane 
610 2 0 |a osoby fyzické 
100 1 |a Kušnírová, Jana, 1977-